000 00593nam a2200229Ia 4500
003 OSt
005 20220924132340.0
006 a|||||r|||| 00| 0
007 ta
008 220923b |||||||| |||| 00| 0 pan d
024 _a42206
037 _cTextual
040 _aARTS
_cARTS
_bpan
041 _2pan
_apan
082 _aO153:gxN20,P, L4-;1 (EPP)
100 _aHarbhajan Singh
_980056
245 0 _aPaarhaami
260 _c1974
650 _aENGLISH LITERATURE
942 _hO153:gxN20,P, L4-;1 (EPP)
_cTEXL
_2CC
999 _c429988
_d429988